书目信息 |
| 题名: |
马克思剩余价值理论
|
|
| 作者: | ;中共中央马克思、列宁、恩格斯、斯大林著作编译局 译 | |
| 分册: | 第四卷 | |
| 出版信息: | 北京 人民出版社 1975 |
|
| 页数: | 398页 | |
| 开本: | 20cm | |
| 丛书名: | ||
| 单 册: | ||
| 中图分类: | A811.22 | |
| 科图分类: | ||
| 主题词: | 马克思著作--剩余价值理论 | |
| 电子资源: | ||
| ISBN: | ||
| 000 | 00802nam0 2200193 450 | |
| 001 | 0759678392 | |
| 005 | 20070710165650.79 | |
| 100 | @a20070705d1975 km y0chiy0120 ea | |
| 101 | 0 | @achi |
| 102 | @aCN@b110000 | |
| 200 | 1 | @a马克思剩余价值理论@Ama ke si sheng yu jia zhi li lun@e资本论@h第四卷@h第三册@h上@f中共中央马克思、列宁、恩格斯、斯大林著作编译局译@Fzhong gong zhong yang ma ke si、lie ning、en ge si、si da lin zhu zuo bian yi ju yi |
| 210 | @a北京@c人民出版社@d1975 | |
| 215 | @a398页@d20cm | |
| 517 | 1 | @a资本论@Azi ben lun |
| 606 | 0 | @a马克思著作@x剩余价值理论 |
| 690 | @aA811.22@v3 | |
| 711 | 02 | @a中共中央马克思、列宁、恩格斯、斯大林著作编译局@Azhong gong zhong yang ma ke si、lie ning、en ge si、si da lin zhu zuo bian yi ju@4译 |
| 801 | 0 | @aCN@bPFT@c20070710 |
| 905 | @a10447@dA811.22@e219:4 | |
| 马克思剩余价值理论:资本论.第四卷.第三册.上/中共中央马克思、列宁、恩格斯、斯大林著作编译局译.-北京:人民出版社,1975 |
| 398页;20cm |
| ISBN : |
| ● |
| 相关链接 |
|
|
|
|
正题名:马克思剩余价值理论
索取号:A811.22/219:4
 
预约/预借
| 序号 | 登录号 | 条形码 | 馆藏地/架位号 | 状态 | 备注 |
| 1 | 0765448 | 207654484 | 密集书库/ [索取号:A811.22/219:4] | 在馆 | |
| 2 | 0765463 | 207654634 | 第一样本阅览室/ [索取号:A811.22/219:4] | 在馆 | |
| 3 | 0770028 | 207700282 | 密集书库/ [索取号:A811.22/219:4] | 在馆 | |
| 4 | 0770038 | 207700380 | 第一样本阅览室/ [索取号:A811.22/219:4] | 在馆 |